000 00679 a2200205 4500
001 3840
005 20260407155431.0
008 260407a1968 arg spa d
003 AR-UNSa-BCEJYS
040 _aAR-UNSa-BCEJYS
_bspa
_cAR-UNSa-BCEJYS
080 _a(038)657
_xDiccionario de Contabilidad
245 1 0 _aDiccionario de contabilidad
264 1 _aBuenos Aires :
_bEdiciones Leconex
_c1968
300 _a2 v.
_c23 cm.
520 _aTerminologĂ­a de la contabilidad y otras voces y expresions de uso comĂșn en el campo de esta materia
505 _aVol. 1.: A - F Vol. 2.: G - W
942 _cBK
590 _aniveau_biblio:m niveau_hierar:0
100 1 _aCholvis, Francisco
999 _c374
_d374